00617nam a2200193Ia 4500003000900000005001700009008004100026040001300067040001300080041000800093100001900101100000800120245011700128250001000245260000900255300000800264490000600272600014500278IT-RoPAU20220918175533.0120407s9999 xx 000 0 und d aIT-RoPAU cIT-RoPAU aita aGregorio Magno csan aIl libro II dei dialoghi. Vita e miracoli di S. Benedetto. Trad. dal testo latino di Sources Chrétiennes (260) aParis c1979 c cm v1 a" in: Benedetto (S.). un maestro di tutti i tempi. (Dialoghi e Regola). Padova, EMP,1981. 236 p. 21 cm. (Scritti Monastici/.n. serie, 2)"